All Clash Royale Cards by Elixir - Statistics

General Stats
  • This quiz has been taken 424 times
  • The average score is 60 of 115
Answer Stats
Elixir Card Name % Correct
? mirror
94%
1 skeletons
92%
1 ice spirit
91%
1 fire spirit
90%
1 electro spirit
86%
1 heal spirit
86%
2 goblins
81%
2 the log
76%
5 giant
75%
2 spear goblins
74%
8 golem
71%
2 zap
71%
7 mega knight
70%
7 pekka
69%
9 three musketeers
69%
3 knight
65%
5 prince
65%
2 ice golem
63%
3 archers
62%
2 rage
62%
2 bats
61%
2 bomber
60%
2 barbarian barrel
59%
3 cannon
59%
4 fireball
59%
3 goblin barrel
59%
6 goblin giant
59%
3 arrows
58%
7 electro giant
58%
4 mini pekka
58%
6 rocket
58%
2 wall breakers
58%
4 hog rider
57%
5 witch
57%
3 skeleton army
56%
5 wizard
56%
4 golden knight
55%
3 ice wizard
55%
3 minions
55%
3 princess
55%
3 goblin gang
54%
6 royal giant
54%
7 royal recruits
54%
4 electro wizard
53%
4 inferno dragon
53%
7 lava hound
53%
6 lightning
53%
4 musketeer
53%
5 archer queen
52%
4 dark prince
52%
6 sparky
52%
6 x-bow
52%
4 baby dragon
51%
3 bandit
51%
6 barbarian hut
51%
5 electro dragon
51%
3 firecracker
51%
5 barbarians
50%
3 elixir golem
50%
2 giant snowball
50%
2 goblin curse
50%
5 goblin hut
50%
4 tesla
50%
4 night witch
49%
6 giant skeleton
48%
5 inferno tower
48%
3 miner
48%
4 skeleton king
48%
5 balloon
47%
3 clone
47%
4 lumberjack
47%
4 mother witch
47%
3 skeleton barrel
47%
3 tombstone
47%
3 dart goblin
46%
5 minion horde
46%
6 elite barbarians
45%
4 valkyrie
45%
4 bomb tower
44%
5 graveyard
44%
5 monk
44%
4 mortar
44%
4 poison
44%
3 void
44%
4 goblin cage
43%
4 mighty miner
43%
5 royal hogs
43%
2 suspicious bush
43%
4 freeze
42%
3 little prince
42%
5 ram rider
42%
3 royal delivery
42%
4 magic archer
41%
3 earthquake
40%
3 royal ghost
40%
4 furnace
38%
5 goblin machine
38%
3 tornado
38%
5 bowler
37%
3 guards
37%
4 skeleton dragons
37%
4 hunter
36%
6 elixir collector
35%
3 fisherman
35%
4 goblin drill
35%
3 mega minion
35%
4 battle ram
34%
4 zappies
34%
5 executioner
33%
4 battle healer
32%
4 flying machine
32%
5 cannon cart
31%
4 phoenix
31%
5 rascals
30%
4 goblin demolisher
29%
No matching quizzes found
Score Distribution
Percent of People with Each Score
Percentile by Number Answered
Your Score History
You have not taken this quiz